NFL Passing Yards Year-by-Year Leaders (since 1980) - Statistics

General Stats
  • This quiz has been taken 34 times
  • The average score is 30 of 45
Answer Stats
Hint Answer Yards % Correct
2021 Tom Brady 5,316
100%
2017 Tom Brady 4,557
100%
2007 Tom Brady 4,806
100%
2005 Tom Brady 4,806
100%
2014 Drew Brees / Ben Roethlisberger 4,952
97%
2022 Patrick Mahomes 5,250
97%
2016 Drew Brees 5,208
90%
2015 Drew Brees 4,870
90%
2012 Drew Brees 5,177
90%
2011 Drew Brees 5,476
90%
2008 Drew Brees 5,069
90%
2006 Drew Brees 4,418
90%
2013 Peyton Manning 5,477
90%
2003 Peyton Manning 4,267
90%
2000 Peyton Manning 4,413
90%
2018 Ben Roethlisberger 5,129
83%
1998 Brett Favre 4,212
83%
1995 Brett Favre 4,413
83%
1992 Dan Marino 4,116
76%
1988 Dan Marino 4,434
76%
1986 Dan Marino 4,746
76%
1985 Dan Marino 4,137
76%
1984 Dan Marino 5,084
76%
2024 Joe Burrow 4,918
76%
2010 Philip Rivers 4,710
76%
1993 John Elway 4,030
72%
2019 Jameis Winston 5,109
62%
2001 Kurt Warner 4,830
62%
1991 Warren Moon 4,690
59%
1990 Warren Moon 4,689
59%
2004 Daunte Culpepper 4,717
55%
1982 Dan Fouts 2,883
48%
1981 Dan Fouts 4,802
48%
1980 Dan Fouts 4,715
48%
2002 Rich Gannon 4,689
48%
2023 Tua Tagovailoa 4,624
48%
1994 Drew Bledsoe 4,555
41%
2020 Deshaun Watson 4,823
38%
2009 Matt Schaub 4,770
34%
1989 Don Majkowski 4,318
24%
1983 Lynn Dickey 4,458
21%
1987 Neil Lomax 3,387
21%
1997 Jeff George 3,917
17%
1996 Mark Brunell 4,367
17%
1999 Steve Beuerlein 4,436
14%
No matching quizzes found
Score Distribution
Percent of People with Each Score
Percentile by Number Answered
Your Score History
You have not taken this quiz